<?xml version="1.0" encoding="UTF-8"?>
<collection xmlns="http://www.loc.gov/MARC21/slim">
  <record>
    <leader>00000nam  2200000   4500</leader>
    <controlfield tag="001">INLIS000000000809984</controlfield>
    <controlfield tag="005">20251013102249</controlfield>
    <datafield tag="035" ind1="#" ind2="#">
      <subfield code="a">0010-0925000109</subfield>
    </datafield>
    <datafield tag="100" ind1="#" ind2="#">
      <subfield code="a">Darimi, AL-Imam Abu Muhammad 'Abdullah bin 'Abdurrahman At-tamini Ad-</subfield>
    </datafield>
    <datafield tag="245" ind1="1" ind2="#">
      <subfield code="a">Sunan ad- darimi /</subfield>
      <subfield code="c">AL-Imam Abu Muhammad 'Abdullah bin 'Abdurrahman At-tamini Ad- Darimi</subfield>
    </datafield>
    <datafield tag="250" ind1="#" ind2="#">
      <subfield code="a">Cet. 1</subfield>
    </datafield>
    <datafield tag="260" ind1="#" ind2="#">
      <subfield code="a">Bairut : :</subfield>
      <subfield code="b">Muassasah Arrisalah,,</subfield>
      <subfield code="c">s.a</subfield>
    </datafield>
    <datafield tag="300" ind1="#" ind2="#">
      <subfield code="a">863 hlm. ;</subfield>
      <subfield code="c">24 cm.</subfield>
    </datafield>
    <controlfield tag="007">ta</controlfield>
    <controlfield tag="008">251013###########################0#ara##</controlfield>
    <datafield tag="082" ind1="#" ind2="#">
      <subfield code="a">202.291</subfield>
    </datafield>
    <datafield tag="084" ind1="#" ind2="#">
      <subfield code="a">R 202.291 DAR s</subfield>
    </datafield>
    <datafield tag="520" ind1="#" ind2="#">
      <subfield code="a">Disusun oleh Imam Abu Muhammad ‘Abdullah bin ‘Abdurrahman ad-D?rim? (181–255 H). Termasuk salah satu kitab hadis penting yang mendahului Kutub al-Sittah. Kitab ini berisi hadis-hadis Nabi ? yang disusun berdasarkan bab fiqh, disertai komentar dan penjelasan sanad.</subfield>
    </datafield>
    <datafield tag="990" ind1="#" ind2="#">
      <subfield code="a">00000002063</subfield>
    </datafield>
  </record>
</collection>
